[Event "Moscow Rapid-ch 2018"]
[Site "Moscow"]
[Date "2018.12.09"]
[Round "8"]
[White "Kanevskaya, Anna"]
[Black "Vasilevich, Irina"]
[Result "1/2-1/2"]
[WhiteElo "2105"]
[BlackElo "2258"]
[Annotator "NA"]
[PlyCount "118"]
[EventDate "2018.12.08"]
[EventType "swiss"]
[EventCountry "RUS"]
[SourceTitle "playchess.com"]
[Source "ChessBase"]
[SourceQuality "1"]
[TimeControl "900+10"]

1. d4 {[%emt 0:00:00]} e6 {[%emt 0:00:00]} 2. Nf3 {[%emt 0:00:00]} b6 {[%emt 0:00:00]} 3. c4 {[%emt 0:00:00]} Ba6 {[%emt 0:00:34]} 4. Qc2 {[%emt 0:00:00]} Nf6 {[%emt 0:00:06]} 5. g3 {[%emt 0:00:00]} Bb4+ {[%emt 0:00:03]} 6. Bd2 {[%emt 0:00:17]} Bxd2+ {[%emt 0:01:20]} 7. Nbxd2 {[%emt 0:00:02]} O-O {[%emt 0:00:04]} 8. Bg2 {[%emt 0:00:02]} d5 {[%emt 0:00:33]} 9. O-O {[%emt 0:00:05]} c6 {[%emt 0:01:00]} 10. Rfd1 {[%emt 0:00:27]} Nbd7 {[%emt 0:00:13]} 11. Rac1 {[%emt 0:00:38]} Qe7 {[%emt 0:00:34]} 12. a3 {[%emt 0:00:43]} Rac8 {[%emt 0:01:36]} 13. e4 {[%emt 0:00:10]} dxc4 {[%emt 0:01:11]} 14. Nxc4 {[%emt 0:02:10]} Bxc4 {[%emt 0:00:39]} 15. Qxc4 {[%emt 0:00:04]} Nxe4 {[%emt 0:00:03]} 16. Ne5 {[%emt 0:01:09]} Nxe5 {[%emt 0:01:01]} 17. dxe5 {[%emt 0:00:02]} Nc5 {[%emt 0:00:02]} 18. f4 {[%emt 0:01:32]} a5 {[%emt 0:03:53]} 19. b4 {[%emt 0:03:04]} axb4 {[%emt 0:00:02]} 20. axb4 {[%emt 0:00:23]} Na4 {[%emt 0:00:04]} 21. Qb3 {[%emt 0:01:11]} b5 {[%emt 0:00:06]} 22. Bxc6 {[%emt 0:00:47]} Qa7+ {[%emt 0:00:06]} 23. Kg2 {[%emt 0:01:17]} g6 {[%emt 0:01:33]} 24. Kh3 {[%emt 0:00:44]} Qb6 {[%emt 0:00:55]} 25. Rd6 {[%emt 0:00:31]} Qf2 {[%emt 0:00:16]} 26. Rc2 {[%emt 0:02:19]} Qf1+ {[%emt 0:01:27]} 27. Bg2 {[%emt 0:00:03]} Qe1 {[%emt 0:00:01]} 28. Bc6 {[%emt 0:01:28]} Qf1+ {[%emt 0:00:25]} 29. Bg2 {[%emt 0:00:06]} Qe1 {[%emt 0:00:01]} 30. Bc6 {[%emt 0:00:03]} Qf1+ {[%emt 0:01:36]} 31. Bg2 {[%emt 0:00:09]} Qe1 {[%emt 0:00:01]} 32. Bc6 {[%emt 0:00:02]} Nb6 {[%emt 0:00:14]} 33. Bxb5 {[%emt 0:00:35]} Rxc2 {[%emt 0:00:02]} 34. Qxc2 {[%emt 0:00:01]} Nd5 {[%emt 0:00:01]} 35. Qe2 {[%emt 0:00:30]} Qxb4 {[%emt 0:00:05]} 36. Qc4 {[%emt 0:00:07]} Qa3 {[%emt 0:00:13]} 37. Qd3 {[%emt 0:00:07]} Qc5 {[%emt 0:00:15]} 38. Qc4 {[%emt 0:00:12]} Qg1 {[%emt 0:00:26]} 39. Qf1 {[%emt 0:00:11]} Qa7 {[%emt 0:00:14]} 40. Qc4 {[%emt 0:00:12]} Kg7 {[%emt 0:00:11]} 41. Bc6 {[%emt 0:00:10]} Ne3 {[%emt 0:00:04]} 42. Qd4 {[%emt 0:00:10]} Qa3 {[%emt 0:00:16]} 43. Qd3 {[%emt 0:00:09]} Qc1 {[%emt 0:00:11]} 44. Be4 {[%emt 0:00:12]} h5 {[%emt 0:00:12]} 45. Rc6 {[%emt 0:00:06]} Qg1 {[%emt 0:00:06]} 46. Qe2 {[%emt 0:00:16]} Ng4 {[%emt 0:00:06]} 47. Rc2 {[%emt 0:00:04]} Rb8 {[%emt 0:00:12]} 48. Bf3 {[%emt 0:00:04]} Nh6 {[%emt 0:00:12]} 49. Qf2 {[%emt 0:00:07]} Qa1 {[%emt 0:00:03]} 50. Ra2 {[%emt 0:00:04]} Qb1 {[%emt 0:00:07]} 51. Qc2 {[%emt 0:00:05]} Qf1+ {[%emt 0:00:06]} 52. Bg2 {[%emt 0:00:23]} Qb5 {[%emt 0:00:04]} 53. Ra7 {[%emt 0:00:11]} Qb2 {[%emt 0:00:43]} 54. Qc7 {[%emt 0:00:14]} Qe2 {[%emt 0:00:03]} 55. Bb7 {[%emt 0:00:17]} Qf1+ {[%emt 0:00:18]} 56. Bg2 {[%emt 0:00:04]} Qd1 {[%emt 0:00:03]} 57. Bb7 {[%emt 0:00:08]} Qf1+ {[%emt 0:00:14]} 58. Bg2 {[%emt 0:00:04]} Qe2 {[%emt 0:00:01]} 59. Bb7 {[%emt 0:00:06]} Qf1+ {[%emt 0:00:22]} 1/2-1/2

[Event "Moscow Rapid-ch 2018"]
[Site "Moscow"]
[Date "2018.12.09"]
[Round "8"]
[White "Girshgorn, Leonid"]
[Black "Zhukov, Anton"]
[Result "1-0"]
[WhiteElo "2038"]
[BlackElo "2138"]
[Annotator "NA"]
[PlyCount "101"]
[EventDate "2018.12.08"]
[EventType "swiss"]
[EventCountry "RUS"]
[SourceTitle "playchess.com"]
[Source "ChessBase"]
[SourceQuality "1"]
[TimeControl "900+10"]

1. d4 Nf6 2. Bf4 c5 3. dxc5 Nc6 4. Nf3 Qa5+ 5. Nc3 Ne4 6. Qd3 Nxc5 7. Qd2 d6 8. e4 Ne6 9. Be3 g6 10. Nd4 Bg7 11. Nb3 Qd8 12. O-O-O a6 13. Bh6 Bxh6 14. Qxh6 b5 15. f4 Nc7 16. Qg7 Rf8 17. e5 d5 18. Qxh7 Bf5 19. h3 b4 20. Na4 Ne6 21. Bd3 Bxd3 22. Rxd3 Nxf4 23. Rf3 Ne6 24. Rhf1 Ng5 25. Qxg6 e6 26. Rxf7 Nxf7 27. Qxe6+ Ne7 28. Nac5 Rc8 29. Nb7 Qc7 30. N3c5 Qxc5 31. Nxc5 Rxc5 32. Qxa6 Nxe5 33. Rxf8+ Kxf8 34. Qd6 Nd3+ 35. Kd2 Nf2 36. Qf6+ Ke8 37. Qxf2 Ra5 38. Qb6 Rxa2 39. Qxb4 Ra6 40. Qb5+ Rc6 41. g4 Kf7 42. h4 Rf6 43. Ke2 Rf4 44. Qd7 d4 45. h5 Re4+ 46. Kd3 Re1 47. Kd2 Re4 48. g5 Kg7 49. Kd3 Re1 50. Qxd4+ Kf7 51. Qf2+ 1-0

[Event "Moscow Rapid-ch 2018"]
[Site "Moscow"]
[Date "2018.12.09"]
[Round "8"]
[White "Glibka, Yulia"]
[Black "Chasovnikova, Eugenia"]
[Result "0-1"]
[WhiteElo "1979"]
[BlackElo "2201"]
[Annotator "NA"]
[PlyCount "68"]
[EventDate "2018.12.08"]
[EventType "swiss"]
[EventCountry "RUS"]
[SourceTitle "playchess.com"]
[Source "ChessBase"]
[SourceQuality "1"]
[TimeControl "900+10"]

1. c4 {[%emt 0:00:00]} g6 {[%emt 0:00:15]} 2. d4 {[%emt 0:00:00]} Bg7 {[%emt 0:00:01]} 3. g3 {[%emt 0:00:00]} c5 {[%emt 0:00:02]} 4. d5 {[%emt 0:00:57]} d6 {[%emt 0:00:02]} 5. e4 {[%emt 0:00:18]} Nf6 {[%emt 0:00:01]} 6. Bg2 {[%emt 0:00:03]} O-O {[%emt 0:00:02]} 7. Ne2 {[%emt 0:00:13]} e6 {[%emt 0:00:05]} 8. dxe6 {[%emt 0:01:20]} Bxe6 {[%emt 0:00:08]} 9. Qc2 {[%emt 0:00:07]} Nc6 {[%emt 0:00:30]} 10. O-O {[%emt 0:00:43]} Nb4 {[%emt 0:01:02]} 11. Qb3 {[%emt 0:01:17]} b5 {[%emt 0:00:28]} 12. Nbc3 {[%emt 0:02:01]} bxc4 13. Qd1 {[%emt 0:00:05]} Rb8 {[%emt 0:03:25]} 14. Nf4 {[%emt 0:00:41]} Bg4 {[%emt 0:00:35]} 15. f3 {[%emt 0:00:11]} Bc8 {[%emt 0:00:11]} 16. a3 {[%emt 0:00:41]} Nc6 {[%emt 0:00:17]} 17. Qe2 {[%emt 0:00:01]} Ba6 {[%emt 0:00:31]} 18. Be3 {[%emt 0:00:38]} Nd4 {[%emt 0:00:18]} 19. Qf2 {[%emt 0:00:06]} Nd7 {[%emt 0:00:30]} 20. Rab1 {[%emt 0:00:25]} Ne5 {[%emt 0:00:58]} 21. Rfd1 {[%emt 0:00:52]} Nd3 {[%emt 0:00:06]} 22. Qd2 {[%emt 0:02:15]} f5 {[%emt 0:01:47]} 23. exf5 {[%emt 0:01:25]} Rxf5 {[%emt 0:02:03]} 24. Rf1 {[%emt 0:00:17]} Qe8 {[%emt 0:01:18]} 25. Nfd5 {[%emt 0:02:11]} Qf7 {[%emt 0:01:07]} 26. f4 {[%emt 0:00:11]} Bb7 {[%emt 0:00:01]} 27. g4 {[%emt 0:01:31]} Rxd5 {[%emt 0:00:11]} 28. Nxd5 {[%emt 0:00:35]} Bxd5 {[%emt 0:00:02]} 29. b4 {[%emt 0:00:27]} Bxg2 {[%emt 0:01:18]} 30. Qxg2 {[%emt 0:00:08]} Re8 {[%emt 0:00:59]} 31. Bxd4 {[%emt 0:00:13]} Bxd4+ {[%emt 0:00:06]} 32. Kh1 {[%emt 0:00:01]} Nxf4 {[%emt 0:00:37]} 33. Qd2 {[%emt 0:00:10]} g5 {[%emt 0:00:14]} 34. Qd1 {[%emt 0:00:23]} Re3 {[%emt 0:00:40]} 0-1

[Event "Moscow Rapid-ch 2018"]
[Site "Moscow"]
[Date "2018.12.09"]
[Round "9"]
[White "Ulko, Jaroslav"]
[Black "Zakhartsov, Vladimir"]
[Result "1-0"]
[WhiteElo "2439"]
[BlackElo "2486"]
[Annotator "ChessBase"]
[PlyCount "81"]
[EventDate "2018.12.08"]
[EventType "swiss"]
[EventCountry "RUS"]
[SourceTitle "playchess.com"]
[Source "ChessBase"]
[SourceQuality "1"]
[TimeControl "900+10"]

1. Nf3 Nf6 2. c4 g6 3. Nc3 Bg7 4. e4 c5 5. d4 cxd4 6. Nxd4 Nc6 7. Be3 O-O 8. Be2 d6 9. O-O Nxd4 10. Bxd4 Bd7 11. Qd3 a6 12. Rad1 Bc6 13. f4 b5 14. e5 Ne8 15. cxb5 axb5 16. a3 Rb8 17. Bf3 Qc7 18. Rfe1 Bxf3 19. Qxf3 e6 20. Qe3 Qc6 21. exd6 Nxd6 22. Bxg7 Nf5 23. Qe5 Nxg7 24. Ne4 Rbd8 25. Nf6+ Kh8 26. Rc1 Qb6+ 27. Kh1 b4 28. a4 Rd2 29. Re3 Qd6 30. Qxd6 Rxd6 31. Re4 b3 32. Rb4 Rd3 33. g4 h5 34. g5 Nf5 35. Rbc4 Kg7 36. R4c3 Rfd8 37. Rxd3 Rxd3 38. Rc8 Ne7 39. Re8 Rd1+ 40. Kg2 Rd2+ 41. Kf3 {[%emt 0:20:47]} 1-0

[Event "Moscow Rapid-ch 2018"]
[Site "Moscow"]
[Date "2018.12.09"]
[Round "9"]
[White "Naumkin, Igor"]
[Black "Pavlov, Danila"]
[Result "1-0"]
[WhiteElo "2410"]
[BlackElo "2323"]
[Annotator "NA"]
[PlyCount "51"]
[EventDate "2018.12.08"]
[EventType "swiss"]
[EventCountry "RUS"]
[SourceTitle "playchess.com"]
[Source "ChessBase"]
[SourceQuality "1"]
[TimeControl "900+10"]

1. d4 {[%emt 0:00:00]} Nf6 {[%emt 0:00:00]} 2. c4 {[%emt 0:00:00]} e5 {[%emt 0:00:00]} 3. dxe5 {[%emt 0:00:00]} Ng4 {[%emt 0:00:00]} 4. e4 {[%emt 0:00:00]} Nxe5 {[%emt 0:00:00]} 5. f4 {[%emt 0:00:00]} Nec6 {[%emt 0:00:10]} 6. Be3 {[%emt 0:00:10]} d6 {[%emt 0:00:10]} 7. Nc3 {[%emt 0:00:10]} g6 {[%emt 0:00:10]} 8. Nf3 {[%emt 0:00:10]} Bg7 {[%emt 0:00:59]} 9. Bd3 {[%emt 0:00:12]} Bg4 {[%emt 0:00:25]} 10. O-O {[%emt 0:00:18]} O-O {[%emt 0:00:22]} 11. Qd2 {[%emt 0:00:14]} Bxf3 {[%emt 0:00:18]} 12. Rxf3 {[%emt 0:00:03]} Nd4 {[%emt 0:00:03]} 13. Rh3 {[%emt 0:00:17]} c5 {[%emt 0:02:59]} 14. f5 {[%emt 0:00:29]} Re8 {[%emt 0:00:43]} 15. Bh6 {[%emt 0:00:56]} Be5 {[%emt 0:00:40]} 16. Rf1 {[%emt 0:00:24]} Nd7 {[%emt 0:00:50]} 17. Nd5 {[%emt 0:00:24]} Nb6 {[%emt 0:01:02]} 18. Bg5 {[%emt 0:01:28]} f6 {[%emt 0:00:20]} 19. Bxf6 {[%emt 0:00:41]} Bxf6 {[%emt 0:00:40]} 20. Qh6 {[%emt 0:00:27]} Nxd5 {[%emt 0:02:33]} 21. Qxh7+ {[%emt 0:00:07]} Kf8 {[%emt 0:00:01]} 22. fxg6 {[%emt 0:00:11]} Qc7 {[%emt 0:00:02]} 23. Rxf6+ {[%emt 0:01:15]} Nxf6 {[%emt 0:00:01]} 24. Qxc7 {[%emt 0:00:05]} Re7 {[%emt 0:00:04]} 25. Rh8+ {[%emt 0:00:36]} Ng8 {[%emt 0:00:01]} 26. Rxg8+ {[%emt 0:00:19]} 1-0

[Event "Moscow Rapid-ch 2018"]
[Site "Moscow"]
[Date "2018.12.09"]
[Round "9"]
[White "Dvalishvili, Pavel S."]
[Black "Dragomarezkij, Evgeni"]
[Result "1-0"]
[WhiteElo "2396"]
[BlackElo "2385"]
[Annotator "NA"]
[PlyCount "91"]
[EventDate "2018.12.08"]
[EventType "swiss"]
[EventCountry "RUS"]
[SourceTitle "playchess.com"]
[Source "ChessBase"]
[SourceQuality "1"]
[TimeControl "900+10"]

1. e4 c5 2. Nf3 e6 3. Nc3 a6 4. d4 cxd4 5. Nxd4 Qc7 6. Bd3 Nc6 7. Nxc6 dxc6 8. O-O e5 9. Bc4 b5 10. Bb3 Nf6 11. Qf3 Bg4 12. Qg3 h5 13. Bg5 Be7 14. h3 b4 15. Bxf6 Bxf6 16. hxg4 h4 17. Qe3 bxc3 18. Qxc3 O-O 19. Rad1 Rad8 20. Qe3 g5 21. Rd3 Be7 22. Rfd1 Rxd3 23. Rxd3 Kg7 24. Qf3 Bf6 25. Kf1 Rd8 26. Ke2 Rd6 27. Rxd6 Qxd6 28. Qd3 Qb4 29. c3 Qb5 30. Qxb5 axb5 31. Kd3 Bd8 32. a4 Bb6 33. axb5 cxb5 34. Bd5 Bxf2 35. b4 Kf8 36. Bc6 Ke7 37. Bxb5 Be1 38. Bc4 f6 39. Bd5 Kd6 40. Bg8 Kc6 41. Be6 Kb5 42. Bd7+ Kb6 43. Kc4 Kc7 44. Bf5 Kb6 45. Kb3 Kc6 46. c4 1-0

[Event "Moscow Rapid-ch 2018"]
[Site "Moscow"]
[Date "2018.12.09"]
[Round "9"]
[White "Gorbatov, Alexej"]
[Black "Tsvetkov, Andrey"]
[Result "0-1"]
[WhiteElo "2389"]
[BlackElo "2338"]
[Annotator "NA"]
[PlyCount "105"]
[EventDate "2018.12.08"]
[EventType "swiss"]
[EventCountry "RUS"]
[SourceTitle "playchess.com"]
[Source "ChessBase"]
[SourceQuality "1"]
[TimeControl "900+10"]

1. e4 {[%emt 0:00:00]} c5 {[%emt 0:00:00]} 2. b3 {[%emt 0:00:00]} g6 {[%emt 0:00:00]} 3. Bb2 {[%emt 0:00:00]} Nf6 {[%emt 0:00:00]} 4. g3 {[%emt 0:00:00]} d6 {[%emt 0:00:00]} 5. Bg2 {[%emt 0:00:00]} Bg7 {[%emt 0:00:00]} 6. Ne2 {[%emt 0:00:03]} Nc6 {[%emt 0:00:03]} 7. O-O {[%emt 0:00:06]} e5 {[%emt 0:00:02]} 8. Nbc3 {[%emt 0:01:30]} O-O {[%emt 0:00:04]} 9. Nd5 {[%emt 0:00:01]} Nxd5 {[%emt 0:01:20]} 10. exd5 {[%emt 0:00:01]} Nd4 {[%emt 0:00:02]} 11. Nxd4 {[%emt 0:00:33]} exd4 {[%emt 0:00:27]} 12. c3 {[%emt 0:00:23]} Bf5 {[%emt 0:01:47]} 13. cxd4 {[%emt 0:00:52]} cxd4 {[%emt 0:00:01]} 14. Rc1 {[%emt 0:02:35]} Qb6 {[%emt 0:00:50]} 15. Re1 {[%emt 0:00:28]} Rac8 {[%emt 0:00:27]} 16. Rxc8 {[%emt 0:03:31]} Rxc8 {[%emt 0:00:01]} 17. Qa1 {[%emt 0:00:00]} Qb4 {[%emt 0:00:34]} 18. Bf1 {[%emt 0:05:39]} h5 {[%emt 0:00:31]} 19. d3 {[%emt 0:00:20]} Rc2 {[%emt 0:00:11]} 20. Rc1 {[%emt 0:00:30]} Rxc1 {[%emt 0:01:14]} 21. Qxc1 {[%emt 0:00:03]} Qa5 {[%emt 0:00:02]} 22. Ba3 {[%emt 0:01:34]} Qxd5 {[%emt 0:01:05]} 23. Qc7 {[%emt 0:00:02]} Qf3 {[%emt 0:00:26]} 24. Qc2 {[%emt 0:00:24]} Qd5 {[%emt 0:00:44]} 25. Bg2 {[%emt 0:00:12]} Qa5 {[%emt 0:01:46]} 26. Qc1 {[%emt 0:00:18]} Bxd3 {[%emt 0:00:46]} 27. Bxb7 {[%emt 0:00:05]} Bf5 {[%emt 0:00:51]} 28. Bxd6 {[%emt 0:00:07]} d3 {[%emt 0:00:03]} 29. Bf4 {[%emt 0:00:14]} Qxa2 {[%emt 0:00:10]} 30. Bd5 {[%emt 0:00:02]} Bh3 {[%emt 0:01:23]} 31. Be3 {[%emt 0:00:23]} Qe2 {[%emt 0:00:19]} 32. Bg2 {[%emt 0:00:10]} Be6 {[%emt 0:00:34]} 33. b4 {[%emt 0:00:04]} Bf8 {[%emt 0:01:17]} 34. Bf1 {[%emt 0:00:09]} Qc2 {[%emt 0:00:18]} 35. Qe1 {[%emt 0:00:08]} Bf5 {[%emt 0:00:43]} 36. Bd2 {[%emt 0:00:03]} h4 {[%emt 0:00:13]} 37. Qe3 {[%emt 0:00:06]} Bg7 {[%emt 0:01:08]} 38. g4 {[%emt 0:00:20]} Bxg4 {[%emt 0:00:13]} 39. Qxd3 {[%emt 0:00:01]} Qc7 {[%emt 0:00:20]} 40. Qe4 {[%emt 0:00:16]} Qd7 {[%emt 0:00:22]} 41. Be3 {[%emt 0:00:08]} Bf6 {[%emt 0:00:40]} 42. Qa8+ {[%emt 0:00:03]} Kg7 {[%emt 0:00:08]} 43. Qxa7 {[%emt 0:00:01]} Qd1 {[%emt 0:00:04]} 44. Qa6 {[%emt 0:00:18]} Be5 {[%emt 0:00:35]} 45. Qd3 {[%emt 0:00:03]} Qa1 {[%emt 0:00:08]} 46. b5 {[%emt 0:00:10]} Bf5 {[%emt 0:00:35]} 47. Qe2 {[%emt 0:00:16]} Bh3 {[%emt 0:00:03]} 48. b6 {[%emt 0:00:01]} Bxf1 {[%emt 0:00:05]} 49. Qxf1 {[%emt 0:00:02]} Bxh2+ {[%emt 0:00:01]} 50. Kg2 {[%emt 0:00:00]} h3+ {[%emt 0:00:00]} 51. Kxh3 {[%emt 0:00:11]} Qxf1+ {[%emt 0:00:02]} 52. Kxh2 {[%emt 0:00:01]} Qb5 {[%emt 0:00:03]} 53. Bc1 0-1

[Event "Moscow Rapid-ch 2018"]
[Site "Moscow"]
[Date "2018.12.09"]
[Round "9"]
[White "Lavrov, Maxim"]
[Black "Kosteniuk, Alexandra"]
[Result "1/2-1/2"]
[WhiteElo "2387"]
[BlackElo "2537"]
[Annotator "TA"]
[PlyCount "106"]
[EventDate "2018.12.08"]
[EventType "swiss"]
[EventCountry "RUS"]
[SourceTitle "playchess.com"]
[Source "ChessBase"]
[SourceQuality "1"]

{[%evp 9,106,37,73,66,89,0,29,0,0,0,11,0,4,11,56,47,50,66,87,62,81,74,106,73,74,78,68,65,82,77,83,46,62,3,24,10,25,9,50,4,68,57,92,72,108,108,83,83,77,67,63,52,62,44,42,9,15,0,2,9,27,24,31,24,41,41,41,41,41,41,41,41,41,41,41,41,41,41,41,41,68,41,68,41,68,16,16,15,15,15,15,15,15,15,15,0,15,0,15]} 1. e4 c5 2. c3 g6 3. d4 d5 4. exd5 Qxd5 5. Nf3 Bg4 (5... Bg7 6. Na3 cxd4 7. Bc4 Qe4+ 8. Be3 Nh6 9. Nb5 O-O 10. cxd4 Nf5 11. Qe2 Nc6 12. O-O Nd6 13. Nc3 Qf5 14. Bb3 Qh5 {½-½ (46) Navara,D (2726)-Guseinov,G (2647) Antalya 2017}) 6. Be2 {B22: Sicilian: 2 c3} Nc6 7. c4 ({Better is} 7. h3 $16 Bf5 8. O-O) 7... Qd7 $146 ({Predecessor:} 7... Qd6 8. d5 Bxf3 9. Bxf3 Nd4 10. O-O Nf6 11. Nc3 Bg7 12. Be3 Nxf3+ 13. Qxf3 a6 14. Bf4 {0-1 (42) Pagnutti,L (1990)-Siraj,A (1955) Nova Gorica 2018}) 8. d5 {White has an edge.} Bxf3 $1 9. Bxf3 Nd4 $1 10. O-O (10. Qd3 {is more complex.} Bg7 11. Nc3 Nf6 12. O-O O-O 13. Bf4) 10... Bg7 11. Nc3 Nf6 12. Be3 $36 {[%mdl 2048] White is more active.} Nxf3+ 13. Qxf3 Rc8 14. Rad1 O-O 15. Rfe1 b6 16. Bf4 Nh5 17. Bg5 Rce8 18. Re2 h6 19. Bc1 Kh7 20. Rde1 e5 21. dxe6 (21. g4 $14 Nf6 22. h3 (22. Rxe5 Rxe5 23. Rxe5 Nxg4 $11)) 21... fxe6 22. Qg4 Rf5 (22... Bxc3 $5 23. bxc3 Rf6 $14) 23. Rd1 Qf7 24. Ne4 Rf8 (24... Nf6 $11 25. Nxf6+ Bxf6) 25. Be3 Qc7 26. g3 Rd8 27. Rxd8 Qxd8 28. Rd2 Qe7 29. Qd1 {[#] And now g4 would win.} Rf7 $1 30. b3 Nf6 31. Nxf6+ Qxf6 32. a4 Qf5 33. Qc2 Qxc2 34. Rxc2 Bd4 35. Bxd4 cxd4 $11 {[%mdl 4096] Endgame KR-KR} 36. Re2 Rf3 37. Rxe6 Rxb3 38. Re7+ Kg8 39. Rxa7 Rb4 40. Rb7 d3 41. Rd7 Rxc4 42. Rxd3 Rxa4 43. Rd6 Kg7 44. Rxb6 h5 45. h3 Ra2 46. Kg2 Rc2 47. g4 (47. h4 $14) 47... hxg4 {The position is equal.} 48. hxg4 g5 49. Kg3 Rc3+ 50. f3 Ra3 51. Rb5 Kg6 52. Rb6+ Kg7 53. Rb5 Kg6 {Accuracy: White = 38%, Black = 46%.} 1/2-1/2

[Event "Moscow Rapid-ch 2018"]
[Site "Moscow"]
[Date "2018.12.09"]
[Round "9"]
[White "Dudin, Gleb"]
[Black "Volodin, Viktor"]
[Result "1-0"]
[WhiteElo "2303"]
[BlackElo "2175"]
[Annotator "NA"]
[PlyCount "79"]
[EventDate "2018.12.08"]
[EventType "swiss"]
[EventCountry "RUS"]
[SourceTitle "playchess.com"]
[Source "ChessBase"]
[SourceQuality "1"]
[TimeControl "900+10"]

1. d4 {[%emt 0:00:00]} d5 {[%emt 0:00:00]} 2. c4 {[%emt 0:00:00]} e6 {[%emt 0:00:02]} 3. Nc3 {[%emt 0:00:02]} Nf6 {[%emt 0:00:04]} 4. cxd5 {[%emt 0:00:02]} exd5 {[%emt 0:00:09]} 5. Bg5 {[%emt 0:00:11]} c6 {[%emt 0:00:07]} 6. e3 {[%emt 0:00:06]} Be7 {[%emt 0:00:12]} 7. Qc2 {[%emt 0:00:10]} Nbd7 {[%emt 0:00:07]} 8. Bd3 {[%emt 0:00:06]} O-O {[%emt 0:00:13]} 9. Nf3 {[%emt 0:00:02]} Re8 {[%emt 0:00:08]} 10. h3 {[%emt 0:00:11]} Nf8 {[%emt 0:00:03]} 11. Bf4 {[%emt 0:00:20]} Ng6 {[%emt 0:00:16]} 12. Bh2 {[%emt 0:00:03]} Bd6 {[%emt 0:00:06]} 13. Bxd6 {[%emt 0:00:04]} Qxd6 {[%emt 0:00:05]} 14. O-O-O {[%emt 0:00:04]} Bd7 {[%emt 0:01:00]} 15. Kb1 {[%emt 0:00:13]} c5 {[%emt 0:00:21]} 16. dxc5 {[%emt 0:00:22]} Qxc5 {[%emt 0:00:07]} 17. Rc1 {[%emt 0:00:04]} Rac8 {[%emt 0:00:14]} 18. Rhd1 {[%emt 0:00:08]} Ne5 {[%emt 0:00:24]} 19. Nxe5 {[%emt 0:00:14]} Rxe5 {[%emt 0:00:08]} 20. Qb3 {[%emt 0:01:44]} Qb6 {[%emt 0:00:24]} 21. Qxb6 {[%emt 0:00:57]} axb6 {[%emt 0:00:07]} 22. Be2 {[%emt 0:01:30]} Bf5+ {[%emt 0:01:40]} 23. Ka1 {[%emt 0:00:06]} h6 {[%emt 0:00:06]} 24. Bf3 {[%emt 0:00:53]} Ne4 {[%emt 0:00:43]} 25. Bxe4 {[%emt 0:00:29]} Bxe4 {[%emt 0:01:04]} 26. Nxe4 {[%emt 0:00:07]} Rxc1+ {[%emt 0:00:14]} 27. Rxc1 {[%emt 0:00:03]} dxe4 {[%emt 0:00:16]} 28. a4 {[%emt 0:01:43]} Rf5 {[%emt 0:00:42]} 29. Rc7 {[%emt 0:01:10]} Rxf2 {[%emt 0:00:14]} 30. Rxb7 {[%emt 0:00:02]} Re2 {[%emt 0:00:11]} 31. Rxb6 {[%emt 0:00:55]} Rxe3 {[%emt 0:00:06]} 32. a5 {[%emt 0:00:44]} Rd3 {[%emt 0:00:09]} 33. a6 {[%emt 0:00:22]} Rd7 {[%emt 0:01:21]} 34. Rb7 {[%emt 0:00:39]} Rd6 {[%emt 0:00:04]} 35. a7 {[%emt 0:00:14]} Ra6+ {[%emt 0:00:03]} 36. Kb1 {[%emt 0:00:02]} Kh7 {[%emt 0:00:09]} 37. Rxf7 {[%emt 0:00:22]} e3 {[%emt 0:00:13]} 38. Kc2 {[%emt 0:01:37]} Kg6 {[%emt 0:01:04]} 39. Rb7 {[%emt 0:00:10]} Kf5 {[%emt 0:00:13]} 40. Kd3 {[%emt 0:00:12]} 1-0

[Event "Moscow Rapid-ch 2018"]
[Site "Moscow"]
[Date "2018.12.09"]
[Round "9"]
[White "Gurvich, Vitaly"]
[Black "Sychev, Klementy"]
[Result "0-1"]
[WhiteElo "2270"]
[BlackElo "2537"]
[Annotator "TA"]
[PlyCount "92"]
[EventDate "2018.12.08"]
[EventType "swiss"]
[EventCountry "RUS"]
[SourceTitle "playchess.com"]
[Source "ChessBase"]
[SourceQuality "1"]

{[%evp 18,92,21,24,39,35,35,44,37,29,44,18,35,32,38,29,37,10,14,10,8,-27,15,-8,15,10,10,10,10,0,0,0,18,18,200,0,161,-47,-58,-99,-41,-154,-156,-365,-377,-478,-478,-483,-491,-642,-641,-656,-662,-612,-391,-373,-370,-1091,-1091,-1070,-1062,-29966,-29968,-29964,-29966,-29975,-29971,-29986,-29987,-29986,-29986,-29977,-29975,-29972,-29975,-29975,-29975]} 1. d4 e6 2. c4 f5 3. g3 Nf6 4. Bg2 Be7 5. Nf3 O-O 6. Nc3 d6 7. Qc2 a5 {A92: Classical Dutch: Classical Stonewall (with ...Be7): Early deviations} (7... Qe8 8. h3 a5 9. a3 Qg6 10. d5 Ne4 11. Nxe4 fxe4 12. Nd4 Qf7 13. Be3 exd5 14. cxd5 Bg5 15. Bxe4 Bxe3 16. fxe3 {½-½ (74) Khotenashvili,B (2492)-Amin,B (2641) Dubai 2013}) 8. e4 fxe4 9. Nxe4 Nc6 10. O-O {LiveBook: 6 Games} Nxe4 11. Qxe4 Bf6 12. Be3 $146 ({Predecessor:} 12. Bf4 Qe7 13. Rfe1 Qf7 14. Re2 Bd7 15. c5 e5 16. dxe5 dxe5 17. Be3 {½-½ (41) Reinhold,K (1916)-Mertens,G (1775) Bad Bevensen 2011}) 12... Bd7 13. h4 h6 14. Rac1 Qc8 15. Rfe1 e5 16. dxe5 dxe5 17. Nd2 (17. Bc5 {is more complex.} Rd8 18. Nd2 Bh3 19. Bxh3 Qxh3 20. Rcd1) 17... Bf5 18. Qd5+ Kh8 19. a3 a4 (19... e4 $5) 20. c5 Be6 21. Qe4 Qd7 22. Qc2 Qf7 23. Ne4 Be7 24. Qe2 Bd5 25. Red1 {Threatens to win with Ng5.} Rad8 $2 (25... Be6 $11) 26. Rd2 $2 (26. Nd6 $1 $18 {[%cal Rd6f7]} cxd6 27. Bxd5) 26... Na5 $2 (26... Qg6 $11 {and Black is okay.} 27. h5 Qe6) 27. Rdd1 $2 (27. Nd6 $1 $18 {[%cal Rd6f7]} cxd6 28. Bxd5) 27... Nb3 $15 28. Rc3 {Threatening Nd6.} c6 (28... Qg6 $17 29. h5 Qe6) 29. Qe1 {[#]} ({White should try} 29. Re1 $15) 29... Qg6 $1 $36 {[%mdl 2048] Black is on the roll.} 30. f3 $2 {[#]} (30. Nd6 $17 {is a better defense.}) 30... Bxe4 $1 $19 31. Rxd8 Bxd8 32. fxe4 Ba5 {[%mdl 64] Skewer} 33. Bf2 Nd4 34. Qd1 Bxc3 35. bxc3 Nb5 36. Qxa4 Nxc3 37. Qb3 $2 (37. Qc2 Nb5 38. Qb2) 37... Ne2+ 38. Kf1 Nxg3+ {[%mdl 64] Double Attack} 39. Ke1 Nxe4 {Black mates.} 40. Bxe4 Qxe4+ {[%mdl 4096] Endgame KQR-KQB} 41. Be3 Rf3 42. Ke2 Rh3 43. Kd2 Rh2+ 44. Kc1 Qh1+ 45. Qd1 Qxd1+ 46. Kxd1 Rxh4 {Accuracy: White = 25%, Black = 56%.} 0-1